|
|
|
|
| LEADER |
00000nam0a2200000 4500 |
| 001 |
260889 |
| 005 |
20231101233521.0 |
| 010 |
|
|
|a 5339001024
|
| 035 |
|
|
|a (RuTPU)RU\TPU\book\283860
|
| 090 |
|
|
|a 260889
|
| 100 |
|
|
|a 20140519d1988 m y0rusy50 ca
|
| 101 |
0 |
|
|a rus
|
| 102 |
|
|
|a BY
|
| 105 |
|
|
|a a z 001zy
|
| 200 |
1 |
|
|a Кентавр, или Как математика помогает физике
|f Э. Т. Соколов
|
| 205 |
|
|
|a 2-е изд., доп.
|
| 210 |
|
|
|a Минск
|c Вышэйшая школа
|d 1988
|
| 215 |
|
|
|a 287 с.
|c ил.
|
| 320 |
|
|
|a Предм. указ.: с. 282-285.
|
| 606 |
1 |
|
|a Математическая физика
|2 stltpush
|3 (RuTPU)RU\TPU\subj\41221
|9 61028
|
| 610 |
1 |
|
|a математика
|
| 610 |
1 |
|
|a физика
|
| 610 |
1 |
|
|a дифференциальные исчисления
|
| 610 |
1 |
|
|a интегральные исчисления
|
| 610 |
1 |
|
|a векторы
|
| 610 |
1 |
|
|a вариационное исчисление
|
| 610 |
1 |
|
|a нелинейные уравнения
|
| 610 |
1 |
|
|a солитоны
|
| 675 |
|
|
|a 53:51
|v 3
|
| 700 |
|
1 |
|a Соколов
|b Э. Т.
|g Эдгар Терентьевич
|
| 801 |
|
1 |
|a RU
|b 63413507
|c 20140519
|
| 801 |
|
2 |
|a RU
|b 63413507
|c 20150320
|g RCR
|
| 942 |
|
|
|c BK
|